000
00486nam a2200145Ia 4500
008
100122s9999 xx 000 0 und d
082
_b
27280
_a
823
100
_a
मराठे प्र द
245
_a
पुण्याची पहाट फुटे
260
_b
सरिता प्रक ाशन
_c
1978
300
_a
154
630
_a
पुण्याची पहाट फुटे
730
_a
पुण्याची पहाट फुटे
942
_c
BOOK
999
_c
413363
_d
413360